Shopping smart : The only consumer guide you’ll ever need
Đã lưu trong:
| 主要作者: | |
|---|---|
| 格式: | 图书 |
| 语言: | Undetermined |
| 出版: |
New York
Putnam
1980
|
| 主题: | |
| 标签: |
添加标签
没有标签, 成为第一个标记此记录!
|
| Thư viện lưu trữ: | Trung tâm Học liệu Trường Đại học Cần Thơ |
|---|
| LEADER | 00545nam a2200193Ia 4500 | ||
|---|---|---|---|
| 001 | CTU_186287 | ||
| 008 | 210402s9999 xx 000 0 und d | ||
| 082 | |a 640.73 | ||
| 082 | |b S863 | ||
| 100 | |a Stossel, John | ||
| 245 | 0 | |a Shopping smart : | |
| 245 | 4 | |b The only consumer guide you’ll ever need | |
| 245 | 0 | |c John Stossel | |
| 260 | |a New York | ||
| 260 | |b Putnam | ||
| 260 | |c 1980 | ||
| 650 | |a Consumer education,Giáo dục người tiêu dùng | ||
| 910 | |a Hải | ||
| 980 | |a Trung tâm Học liệu Trường Đại học Cần Thơ | ||